00426cam a2200169ua 45000010005000000080039000050200015000440400009000590410008000680820013000761000038000892450048001272500012001752600036001873000010002236530023002339870161005n ii |||gr||||Z||||||asm a8176430099 cMAIN aasm a891.4514 aGoswami, Trailukya Nath,eAuthor. aSahitya alochanacBy Trailukya Nath Goswami a9th ed. aGuwahati:bBani prakash,c2014. a244p. aLiterary criticism